01831nas a2200241Ia 4500001001100000003001000011008004100021040002500062041001300087100001900100210003700119222003700156245011100193250001100304260009300315300001100408310001200419362003500431500049000466501011400956520049001070650002901560R050-S3118IT-CnALBA170116c99999999xx |||||||||||| ||und|| aIT-CnALBAcIT-CnALBA aITALIANO aTAGGI MAX, SJ. aIL MESSAGGIO DEL CUORE DI GESÙ aIL MESSAGGIO DEL CUORE DI GESÙ 0aIL MESSAGGIO DEL CUORE DI GESÙ. APRILE 1999. PASQUA. b ORGANO UFFICIALE DELL'APOSTOLATO DELLA PREGHIERA a1a ed. aTORINO - ROMAbAPOSTOLATO DELLA PREGHIERAc1999 [1° Ed.:1999 - Ed.Ling.Originale: 1999] a60 p.  aMENSILE aFascicolo: 4 / Anno: 22 (1999) aCENTENARIO IMPORTANTE. AMORE DI DIO PER L'AFRICA, FEDERLÈ P. INTENZIONI DI APRILE, ANDARE INCONTRO ALL'ALTRO. DONO NELLA GIOIA, STANCATI T. LETTURE DELLE DOMENICHE E FESTE, DE SANTIS L. PREGHIERA GIORNO DOPO GIORNO, LESSI A. EUCARISTIA MIRACOLO D'AMORE, OROPALLO L. NOTIZIE ADP. SUSSIDI PASTORALI, CONSACRAZIONI DICHIARATIVE E COSTITUTIVE, DE FINANCE J. OCCHIO LUCERNA DEL CORPO, CORPOREITÀ GESÙ. MOSCHIERI G. FORMAZIONE, CONSAPEVOLEZZA DEL MOMENTO PRESENTE, BISI M. RECENSIONE.  aSocietà San Paolo EM - Piazza San Paolo, 14 - 12051 ALBA (CN) (non commercial uses only) ® Copyright 2017 aCENTENARIO IMPORTANTE. AMORE DI DIO PER L'AFRICA, FEDERLÈ P. INTENZIONI DI APRILE, ANDARE INCONTRO ALL'ALTRO. DONO NELLA GIOIA, STANCATI T. LETTURE DELLE DOMENICHE E FESTE, DE SANTIS L. PREGHIERA GIORNO DOPO GIORNO, LESSI A. EUCARISTIA MIRACOLO D'AMORE, OROPALLO L. NOTIZIE ADP. SUSSIDI PASTORALI, CONSACRAZIONI DICHIARATIVE E COSTITUTIVE, DE FINANCE J. OCCHIO LUCERNA DEL CORPO, CORPOREITÀ GESÙ. MOSCHIERI G. FORMAZIONE, CONSAPEVOLEZZA DEL MOMENTO PRESENTE, BISI M. RECENSIONE.  aVITA E MISTERO DI CRISTO